Un solo mundo, voces múltiples (Record no. 171821)

MARC details
000 -LEADER
campo de control de longitud fija 00920nam a22002055i 4500
001 - NÚMERO DE CONTROL
campo de control 171821
003 - IDENTIFICADOR DE NÚMERO DE CONTROL
campo de control ES-MaACL
005 - FECHA Y HORA DE LA ÚLTIMA TRANSACCIÓN
campo de control 20230906214735.0
008 - DATOS DE LONGITUD FIJA--INFORMACIÓN GENERAL
campo de control de longitud fija 090602s1980 mx |||| | spa d
080 ## - NÚMERO DE LA CLASIFICACIÓN DECIMAL UNIVERSAL
Número de la Clasificación Decimal Universal 007(04)
080 ## - NÚMERO DE LA CLASIFICACIÓN DECIMAL UNIVERSAL
Número de la Clasificación Decimal Universal 301.153.2(04)
245 03 - MENCIÓN DEL TÍTULO
Título Un solo mundo, voces múltiples
Resto del título : comunicación e información en nuestro tiempo : hacia un nuevo orden mundial más justo y eficaz de la información y la comunicación /
Mención de responsabilidad, etc. informe de la Comisión Internacional sobre Problemas de la Comunicación ; Sean Mac Bride... [et al.].
260 ## - PUBLICACIÓN, DISTRIBUCIÓN, ETC.
Lugar de publicación, distribución, etc. México :
Nombre del editor, distribuidor, etc. Fondo de Cultura Ecónomica ;
Lugar de publicación, distribución, etc. Paris :
Nombre del editor, distribuidor, etc. Unesco,
Fecha de publicación, distribución, etc. 1980.
300 ## - DESCRIPCIÓN FÍSICA
Extensión 508 p. ;
Dimensiones 23 cm.
650 14 - PUNTO DE ACCESO ADICIONAL DE MATERIA--TÉRMINO DE MATERIA
Término de materia o nombre geográfico como elemento de entrada Medios de comunicación social-
Subdivisión general Aspectos sociales.
9 (RLIN) 14968
650 04 - PUNTO DE ACCESO ADICIONAL DE MATERIA--TÉRMINO DE MATERIA
Término de materia o nombre geográfico como elemento de entrada Información.
9 (RLIN) 13755
700 1# - ENTRADA AGREGADA--NOMBRE PERSONAL
Nombre de persona MacBride, Sean.
9 (RLIN) 140436
710 2# - ENTRADA AGREGADA--NOMBRE DE ENTIDAD CORPORATIVA
Nombre de entidad corporativa o nombre de jurisdicción como elemento de entrada Comisión Internacional sobre Problemas de la Comunicación.
9 (RLIN) 140437
852 ## - LOCALIZACIÓN
Ubicación ES-MaACL
Número de control de estantería L-8341
Holdings
Estatus retirado Estado de pérdida Estado de daño No para préstamo Biblioteca de origen Biblioteca actual Ubicación en estantería Fecha de adquisición Fuente de adquisición Total de préstamos Signatura topográfica completa Código de barras Visto por última vez Precio de reemplazo Tipo de ítem Koha
        Biblioteca del Ateneo de Madrid Biblioteca del Ateneo de Madrid Depósito 2 02/06/2009     L-8341 1180322 23/02/2023 23/02/2023 Libro impreso